Normal view
MARC view
- Vargas Ponce, José
Entry Nombre Personal
001 - NUMERO DE CONTROL
- campo de control: 34146
003 - IDENTIFICADOR DE NUMERO DE CONTROL
- campo de control: DLC
005 - FECHA Y HORA DE LA ÜLTIMA TRANSACCIÓN
- campo de control: 20230512122006.0
008 - DATOS DE LONGITUD FIJA
- campo de control de longitud fija: 230512n| acannaabn |a aaa c
010 ## - NÚMERO DE CONTROL DE LA BIBLIOTECA DEL CONGRESO
- Número de control LC: n 86140161
035 ## - NUMERO DE CONTROL
- Número de control: (OCoLC)oca01773730
040 ## - FUENTE DE CATALOGACIÓN
- Agencia original de catalogación: PPiU
- Lenguaje de catalogación: spa
- Agencia de transcripción: DLC
- Agencia que lo modifica: OCoLC
- Agencia que lo modifica: MX-MxUPN
100 1# - ENCABEZAMIENTO - NOMBRE PERSONAL
- Nombre personal: Vargas Ponce, José
400 1# - VEÁSE - NOMBRE DE PERSONA
- Personal name: Ponce, José Vargas
670 ## - FUENTE EN LA QUE SE LOCALIZARON DATOS
- Cita de la fuente: En su obra: Bases para la reorientación del programa de educación media para adultos, 1979:
- Información localizada: portada (profesor José Vargas Ponce)
902 ## - CATALOGADOR
- Catalogador: NDAF/120523
